| 000 | 01012nam a2200313Ia 4500 | ||
|---|---|---|---|
| 001 | dia_6532 | ||
| 003 | CHAP | ||
| 005 | 20251021155840.0 | ||
| 008 | 220117s2015 xx 000 0 und d | ||
| 010 | _a177604 | ||
| 020 | _a978-84-16277-30-8 | ||
| 040 | _cCHAP | ||
| 082 | _a621.314 T74 2015 | ||
| 245 |
_aTransformadores y máquinas eléctricas asíncronas / _c Carlos Veganzones...[et al.] |
||
| 260 |
_aEspaña : _b Dextra :, _b Universidad Politécnica de Madrid, _c2015 |
||
| 300 | _ax, 227 p. | ||
| 440 | 0 |
_aIngeniería eléctrica (Dextra) _9161648 |
|
| 503 | _aC. | ||
| 590 | _aTK2785 T73 2015 | ||
| 650 |
_aElectric motors, Induction _9150916 |
||
| 650 |
_aElectric transformers _9150917 |
||
| 650 |
_aMotores de inducción _9161654 |
||
| 650 |
_aTransformadores eléctricos _9150919 |
||
| 700 |
_aVeganzones, Carlos, coaut. _9161655 |
||
| 901 | _a621.314 T74 2015 | ||
| 902 | _aA | ||
| 905 | _a5232272015 sp aimn8222223322spa16 | ||
| 942 |
_cLIBRO _2ddc |
||
| 999 |
_c177604 _d177604 |
||